000 01835nam a22002657a 4500
999 _c58686
_d58686
003 Ge_BSU
005 20220629115439.0
008 220629s2121 ge ||||| |||| 00| 0 geo d
020 _a9789941835087
041 _ageo
080 _a342(075.8)+37.035(075.8) მ-91
100 _aმუხიგული, ქეთევან
_99733
245 _aსტუდენტის სახელმძღვანელო :
_bპროფესიული საგანმანათლებლო დაწესებულების სამოქალაქო განათლების კურსი /
_c ავტორები: ქეთევან მუხიგული, თამარ ქარაია ; რედაქტორები: ლელა ჯავახიშვილი, დავით ღონღაძე ; დიზაინერი და დამკაბადონებელი ნუგზარ არჩემაშვილი.
264 _aთბილისი :
_bსაარჩევნო სისტემათა საერთაშორისო ფონდი (IFES),
_c2021.
300 _a150 გვ. ;
_b24 სმ.
504 _aბიბლიოგრაფია: გვ. 146-150.
653 _aსახელმწიფო
653 _aხელისუფლება
653 _aსამოქალაქო განათლება
700 _aქარაია, თამარ
_eავტორი
_99735
700 _aჯავახიშვილი, ლელა
_eრედაქტორი
_914241
700 _aღონღაძე, დავით
_eრედაქტორი
_914242
700 _aარჩემაშვილი, ნუგზარ
_eდიზაინერი
_914243
942 _2udc
_cBK